|
|
|
|
| LEADER |
00000nam a2200000 a 4500 |
| 001 |
vtls008302476 |
| 003 |
SK-MaSNL |
| 005 |
20260301020103.0 |
| 008 |
240315 xo 000 0 eng |
| 040 |
|
|
|a SNK
|b slo
|c SNK
|e AACR2
|
| 044 |
|
|
|a xo
|c SK
|
| 100 |
1 |
|
|a Villányiová, Györgyi
|4 aut
|9 286189
|
| 245 |
1 |
|
|a Pre šikovné ruky
|
| 250 |
|
|
|a 1. vyd.
|
| 260 |
|
|
|a Bratislava
|b Alfa
|c 1970
|
| 300 |
|
|
|a 348 s.
|
| 999 |
|
|
|c 562215
|d 564145
|
| 952 |
|
|
|a SNK
|b SNK
|y PREZ
|7 0
|p 17A0896116
|o snkSD 38246
|0 0
|1 0
|4 0
|d 2013-08-13
|l 0
|r 2026-02-23 13:46:31
|w 2026-02-23
|
| 952 |
|
|
|a SNK
|b SNK
|y VYP
|7 0
|p 17A0486061
|o snkSD 38246 D1
|i snkKSP 330/71
|3 rekatalogizácia
|0 0
|1 0
|4 0
|d 2005-10-12
|l 0
|r 2026-02-23 13:46:31
|w 2026-02-23
|